000 00617nam a2200205Ia 4500
005 20230615125400.0
008 131103s9999 xx 000 0 und d
040 _aLoreto College
041 _aEnglish
082 _a938
_bFIN
245 4 _aThe Greek historians
_b the essence of Herodotus; Thucydides,Xenophone, Polybius
_cselected and edited by M.I.Finley
260 _aLondon
_bChatto & Windus
_c1959
300 _avi,501 p.
630 _aAncient History
630 _aGreece - Ancient History
650 _a1Herodotus
651 _a2. Thucydides 3.Xenophone 4. Polybius
850 _aLCLIB
942 _cBK
999 _c8616
_d59095